000 00745cam a22002411 4500
001 ne 64001638
003 DLC
005 20260227111802.0
008 900423s1963 ua 000 0 ara c
010 _ane 64001638
025 _aPL480:UAR-4027
035 _a(OCoLC)21417574
040 _aPrinceton Univ. Libr.
_cWaU
_dWaU
_dDLC
042 _apremarc
043 _ae-gr---
050 0 0 _aPA3131
_b.G5
100 1 _aGhallāb, Muḥammad.
245 1 0 _aMaṣābīḥ al-masraḥ al-Ighrīqī,
_cbi-qalam Muḥammad Ghallāb.
260 _a[al-Qāhirah,
_bal-Dār al-Qawmīyah lil-Ṭibāʻah wa-al-Nashr,
_c1963?]
300 _a124 p.
_c24 cm.
490 0 _aMadhāhib wa-shakhṣīyāt,
_v74
650 0 _aGreek drama
_xHistory and criticism.
999 _c47185
_d47185